| 000 | 00354nam a22001457a 4500 | ||
|---|---|---|---|
| 020 | _a81-8204-004-3 | ||
| 082 |
_a651.3 _bRAS |
||
| 100 | _aRASTOGI, A.P | ||
| 245 | _aHOTEL ORGANISATION AND THE FRONT OFFICE MANAGEMENT | ||
| 260 |
_aDELHI _bAMAN _c2005 |
||
| 300 | _a395 | ||
| 650 | _aHOTEL MANAGEMENT | ||
| 653 | _aORGANISATION, OFICE | ||
| 942 |
_2ddc _cBK |
||
| 999 |
_c8066 _d8066 |
||